[Event "Nanjing Pearl Spring 1st"]
[Site "Nanjing"]
[Date "2008.12.17"]
[Round "6"]
[White "Topalov, Veselin"]
[Black "Aronian, Levon"]
[Result "1-0"]
[WhiteElo "2791"]
[BlackElo "2757"]
[Annotator "Krasenkow,M"]
[PlyCount "143"]
[EventDate "2008.12.11"]
[EventType "tourn"]
[EventRounds "10"]
[EventCountry "CHN"]
[EventCategory "21"]
[SourceTitle "CBM 128"]
[Source "ChessBase"]
[SourceDate "2009.01.28"]
[SourceVersion "1"]
[SourceVersionDate "2009.01.28"]
[SourceQuality "1"]

1. d4 d5 2. c4 c6 3. Nf3 Nf6 4. Nc3 e6 5. e3 Nbd7 6. Bd3 dxc4 7. Bxc4 b5 8. Bd3
Bd6 9. O-O O-O 10. Qc2 (10. a3 {- see Topalov-Aronian and Svidler-Karjakin in
CBM 124.}) 10... Bb7 11. e4 e5 12. h3 {A useful waiting move, however, rarely
played.} (12. dxe5 {is the main line.}) 12... Re8 {This leads to the 12.dxe5
line with a transposition of moves. Practice has also seen:} (12... exd4 {
(Black's main option)}) (12... Qb8) (12... h6) (12... a6) 13. dxe5 (13. Be3 $5
exd4 $5 14. Nxd4 (14. Bxd4 b4) 14... Nc5) 13... Nxe5 14. Nxe5 Bxe5 15. Be3 Qe7
{Alternatives:} (15... a6 16. f4 $1 (16. Ne2 c5 17. Rad1 c4 18. Bxc4 Qc7 19.
Bd3 Qxc2 20. Bxc2 Bxe4 {1/2-1/2 Sargissian,G-Potkin,V/Warsaw 2005/CBM 108}) (
16. Rae1 c5 17. Bxc5 Rc8 18. b4 Nd7 19. Nd5 Nxc5 20. bxc5 Bd4 21. Qb3 Bxc5 22.
a4 {1/2-1/2 Bernard,C-Boudre,J/Massy 1993/EXT 1997}) (16. Rad1 Qc7 (16... Qe7
$5 17. Ne2 Bd6 18. Nd4 g6 19. Nb3 c5 $1 20. Nxc5 Rac8 21. b4 Nxe4 22. Bxe4 Bxe4
23. Qd2 Rcd8 24. Bd4 Be5 $11 {0-1 Akesson,R-Ernst,T/Gothenburg 2005/CBM 107
ext (57)}) 17. f4 Bxc3 18. bxc3 c5 19. e5 Nd5 (19... c4 20. Bf5 g6 21. Bg4 Be4
22. Qd2 Nxg4 23. hxg4 Bd3 24. Rf3 Qe7 25. Bd4 b4 26. cxb4 Qd7 27. Bc3 Qxg4 $11
{1-0 Koentges,M-Craciun,G/ICCF WS 2005/ICCF CBM 125 (67)}) 20. Bxh7+ $6 (20.
Bd2 g6 $13) 20... Kh8 21. Rfe1 g6 22. Bxg6 fxg6 23. Qxg6 Re7 $17 {0-1
Krzyzanowski,P-Feldmann,G/IECG 2002/Telechess CBM 105 (36)}) 16... Bd4 17. Bxd4
Qxd4+ 18. Kh2 g6 19. e5 Nd5 20. Nxd5 cxd5 21. Rad1 Qb6 22. Rde1 Rac8 23. Qe2
Rc7 24. f5 $36 {1/2-1/2 Renaze,L-Flear,G/Cap d'Agde 2006/EXT 2007 (42)}) (15...
Bd4 $5 16. Bxd4 Qxd4 17. Rad1 Qc5 {[%cal Rb5b4]} (17... Qb6 18. Kh2 c5 19. Bxb5
Bxe4 20. Qa4 Re6 21. Rfe1 a6 22. Bd7 Nxd7 23. Nxe4 Nf8 24. Qc2 Rae8 25. Re3 $14
{0-1 Itter,E-Wong,K/IECG 2005/Telechess CBM 119 (42)}) 18. Rfe1 a6 19. Qc1 h6
20. Nd5 $2 (20. Qf4 Re6 $11) 20... Nxe4 21. Ne7+ Kf8 22. Bxe4 Qxc1 23. Ng6+
fxg6 24. Rxc1 Re6 $15 {1/2-1/2 Gutman,G-Shalimov,V/Alushta 1999/EXT 2001 (58)})
16. Rfd1 {Or else:} (16. Rae1 a6 17. Ne2 (17. Nb1 c5 18. Bxc5 Qc7 19. b4 Rad8
20. Kh1 Qd7 21. Re3 Bf4 22. Rf3 Nxe4 23. Rxf4 Qxd3 24. Qxd3 Rxd3 $17 {0-1
Jelen,I-Soln,P/Krsko 1997/CBM 061 ext (30)}) (17. Rd1 Rac8 18. Rfe1 c5 $11 {
1-0 Bieker,P-Thier,F/DESC 2004/Telechess CBM 109 (33)}) 17... c5 $1 (17... Bd6
18. Nd4 g6 19. Nb3 Nd7 20. Na5 Ne5 21. Nxb7 Qxb7 22. Be2 Rac8 23. f4 Nd7 24.
Bg4 Rc7 25. e5 Bb4 26. Rd1 $16 {1-0 Bonin,J-Shabalov,A/New York 1992/EXT 1997 
(40)}) 18. Bxc5 Qc7 19. Bd4 Bh2+ 20. Kh1 Nxe4 21. Rc1 Qd6 22. Rfd1 Rac8 23. Nc3
Qb8 $15 {0-1 Sanchez Rodenas,A-Pinho,J/ICCF 2003/CBM 110 (43)}) (16. Ne2 Bc7 $5
(16... Rad8 17. Rad1 Bc7 {1/2-1/2 Trufanov,A-Chubakov,A/Tomsk 2003/CBM 095 ext
(42)} 18. Bc5 $5) 17. Rad1 $5 (17. Ng3 $6 Bxg3 18. fxg3 Nxe4 19. Rf4 Ng5 20.
Re1 g6 21. Rff1 Ne6 22. a3 Red8 23. Kh2 a5 24. Bb6 Rd7 25. a4 Rd5 26. Qc3 b4
27. Qc2 Rxd3 28. Qxd3 Ba6 29. Qf3 Bxf1 30. Rxf1 Qb7 $17 {0-1 Kulczycki,M-Kuhne,
D/LSS 2006/Telechess CBM 123 (45)}) (17. Nd4 Nxe4 18. Rfd1 Qe5 19. Nf3 Qe7 20.
Bxe4 Qxe4 21. Qxe4 Rxe4 22. Rd7 Rc8 23. Bxa7 Re2 $11 {1-0 Kolar,J-Sherwood,R/
IECG 2002/Telechess CBM 95 (40)}) (17. Bc5 Qe5 18. f4 Qxc5+ 19. Qxc5 Bb6 20.
Qxb6 axb6 21. e5 Nd5 22. Ng3 Rad8 23. Be4 f6 $11 {0-1 Likavsky,T-Buhmann,R/
Austria 2005/EXT 2006 (119)}) 17... Bb6 (17... Nxe4 $5) 18. Nd4 Qc7 (18... Nxe4
$2 19. Rfe1 Bxd4 20. Bxd4 f5 (20... c5 21. Bxb5 $1 cxd4 22. Bxe8 Rxe8 23. f3)
21. f3 c5 22. Bf2 c4 23. Bf1 $18 {1-0 Bonin,J-Alexopoulos,G/New York 1994/EXT
2004 (30)}) 19. Rfe1 Rad8 20. Nf3 c5 21. Bxb5 Bxe4 22. Qe2 Rxd1 23. Rxd1 Re7
24. Ng5 Ba8 25. Bf4 {1/2-1/2 Mayer,C-Lifshitz,S/IECC 2005/Telechess CBM 113}) (
16. Rfe1 a6 17. Ne2 Bd6 (17... c5 $1) 18. Nd4 Bb4 19. Nf5 Qe6 20. Bd2 c5 $6 21.
Bxb4 cxb4 22. e5 $16 {1-0 Kuzubov,Y-Shalimov,V/Alushta 2002/EXT 2003 (46)}) (
16. a4 $5 {needs more tests} Bxc3 17. bxc3 Nxe4 18. Rfe1 Qh4 19. axb5 cxb5 20.
Bxb5 Rec8 21. Bd4 Nd6 22. Bf1 $4 (22. Bd3 $14) 22... Qxd4 {0-1 Ivanov,
S-Kounalakis,E/Sunny Beach 2008/CBM 126 Extra (29)}) 16... a6 17. Ne2 c5 $1 {
[%cal Gb7e4] A typical sacrifice in this kind of position, in order to
recapture this pawn on e4.} 18. Bxc5 Qc7 19. f3 $1 {White prefers to give up
his b2-pawn while keeping Black's Bb7 and Nf6 restricted.} Bxb2 20. Qxb2 Qxc5+
21. Qd4 Qe7 22. Bc2 Bd5 $2 {A curious idea but White manages to prove the
strength of his d5-pawn.} (22... Rac8 $142 23. Bb3 a5 $14 {/=}) 23. exd5 Qxe2
24. Bb3 (24. Rac1 $5) 24... a5 25. d6 a4 $6 {Now Black's queenside pawns
become weak.} (25... Rad8 $142 26. Rac1 a4 27. Bc2 $16) 26. Bd5 Rac8 $6 (26...
Nxd5 27. d7 $1 Red8 28. Qxd5 $16 {[%csl Gd7]}) 27. Rd2 Qe5 28. Qxe5 Rxe5 29.
Bb7 $1 Rd8 (29... Rb8 30. d7 Rd8 31. Bc6) 30. Rb1 g6 (30... Re6 31. Bc6 $1
Rdxd6 32. Rxd6 Rxd6 33. Bxb5 a3 34. Rb3) 31. Bc6 Rc5 32. Bxb5 Rb8 33. Rdb2 a3
34. Rb3 Rc2 $6 {After this move White keeps two extra pawns but} (34... Kg7 35.
d7 Rd5 36. Bc4 Rxb3 37. Rxb3 Rxd7 38. Rxa3 {is obviously hopeless.}) 35. Rxa3
Rd2 36. Ra7 Nd5 (36... Rxd6 37. a4 Rd2 38. Rc1 $18 {[%cal Rc1c7]}) 37. d7 Kg7
38. Re1 Ne3 (38... Nf4 39. a4 Nxg2 {- game}) 39. a4 (39. Rxe3 {was good enough:
} Rxb5 40. Re7 Rf5 (40... Rbb2 41. Rxf7+ Kh6 42. Rxh7+ Kg5 43. Ra5+ Kf6 44.
Ra6+ Kf5 45. Rf7+ Kg5 46. Kh1 $18) 41. a4 g5 42. a5 Kg6 43. a6 Ra5 44. Re2 $18)
39... Nxg2 40. Re4 (40. Re7 $142 {[%cal Re7f7]} Rd8 (40... Rf8 41. Re8) 41. Re8
Nh4 42. Bc6 $18) 40... g5 41. Rc7 Nh4 42. Rc3 Rb7 43. Re2 $4 {[%mdl 8192] A
sudden blunder in a winning position.} (43. Re7 Rb6 (43... Rb8 44. Re8) 44.
Ree3 $18 {[%cal Rc3d3]}) 43... Rbxd7 $14 {White still keeps winning chances
due to his strong a-pawn.} 44. Kf2 R7d5 45. Rxd2 Rxd2+ {[%mdl 4096]} 46. Ke3
Ra2 47. Kd4 Ng2 48. Kc4 Nf4 49. Kb3 Ra1 50. Kb2 Re1 51. Rc5 Kf6 $6 {It was
more important to bring the knight back:} (51... Ne6 $1) 52. a5 Re5 $4 {
The resulting endgame is lost for Black.} (52... Ne6 {was not so good now due
to} 53. Rc6 {[%cal Yc6b6,Ya5a6]}) (52... Re7 {was probably the most stubborn
defence.}) 53. Rxe5 Kxe5 54. a6 Ne6 55. a7 Nc7 56. Bc6 f5 57. Kb3 Kd6 {White
was threatening to bring his king forward and push the black knight away from
c7 (using zuzgwang if necessary); preventing that, Black allows the white king
to move to the kingside, after which White can already take the black knight
by a7-a8Q.} 58. Bb7 Kc5 59. Kc2 Kd4 60. Kd2 h6 61. Ke2 $22 Ke5 62. Ke3 Kf6 63.
Bc6 Ke7 64. a8=Q Nxa8 65. Bxa8 Kf6 66. Bc6 (66. Kd4 {was already possible} g4
$140 67. f4 $1) 66... Ke5 67. Bb5 Kd5 68. Ba6 Ke5 69. h4 $1 Kd5 (69... gxh4 {
is obviously hopeless.}) 70. hxg5 hxg5 71. Bc8 Ke5 72. Bd7 $22 (72. Bd7 Kf6 73.
Kd4 $18) 1-0

[Event "Olympiad-39"]
[Site "Khanty-Mansiysk"]
[Date "2010.09.27"]
[Round "6.1"]
[White "Ivanchuk, Vassily"]
[Black "Leko, Peter"]
[Result "1-0"]
[WhiteElo "2754"]
[BlackElo "2724"]
[Annotator "Krasenkow,M"]
[PlyCount "77"]
[EventDate "2010.09.21"]
[EventType "team-swiss"]
[EventRounds "11"]
[EventCountry "RUS"]
[SourceTitle "CBM 139"]
[Source "ChessBase"]
[SourceDate "2010.11.18"]
[SourceVersion "1"]
[SourceVersionDate "2010.11.18"]
[SourceQuality "1"]
[WhiteTeam "Ukraine"]
[BlackTeam "Hungary"]
[WhiteTeamCountry "UKR"]
[BlackTeamCountry "HUN"]

1. Nf3 Nf6 2. c4 e6 3. Nc3 d5 4. d4 c6 5. e3 Nbd7 6. Qc2 Bd6 7. Bd3 O-O 8. O-O
dxc4 9. Bxc4 a6 10. Rd1 b5 11. Bd3 Qc7 {Probably more accurate than} (11... Bb7
12. Ng5 $5) 12. Bd2 {This move is hardly dangerous for Black but what else can
be suggested?} (12. e4 e5 13. h3 h6 14. Be3 c5 15. dxc5 Bxc5 16. Nd5 Nxd5 17.
exd5 Qd6 18. Rac1 Bxe3 19. fxe3 Qb6 20. Qf2 Bb7 21. e4 Qxf2+ 22. Kxf2 Rfc8 23.
b4 Rxc1 24. Rxc1 Rc8 25. Rxc8+ Bxc8 26. Nd2 Nb6 27. Nb3 Kf8 28. Nc5 Ke7 $11 {
1/2 Akobian,V (2612)-Shulman,Y (2632)/Saint Louis 2009/CBM 130 (33)}) (12. h3
Bb7 13. Ng5 h6 14. Nge4 Be7 15. Nxf6+ Nxf6 16. Ne4 Nxe4 17. Bxe4 Rac8 18. Bd2
c5 19. dxc5 Bxc5 20. Rac1 Qb6 21. Qb1 Rfd8 {1/2 Fridman,D (2650)-Vasquez,R 
(2507)/ICC INT 2009/CBM 129 Extra}) (12. a3 $5 c5 13. dxc5 Bxc5 14. b4 Be7 (
14... Bd6 $1 $11) 15. Bb2 Kh8 ({but not} 15... Bb7 $2 16. Nd5 $1 Nxd5 17. Bxh7+
Kh8 18. Qxc7 Nxc7 19. Rxd7) 16. Rac1 Bb7 17. Qe2 Qb6 18. Ng5 h6 19. Nce4 $14 {
1-0 Lputian,S (2634)-Dreev,A (2690)/Taiyuan 2004/CBM 102 (40)}) (12. Ne4 Nxe4
13. Bxe4 Nf6 14. Bd3 c5 (14... h6 $143 $6 15. e4 Be7 16. e5 Nd5 17. Qe2 $14 {
1-0 Banikas,H (2582)-Nyback,T (2644)/ICC INT 2009/CBM 129 Extra (41)}) 15. dxc5
Qxc5 16. a4 bxa4 17. Qxc5 Bxc5 18. Rxa4 Bb7 19. Bd2 Rfd8 20. Bc3 Be7 21. Raa1
Nd5 22. Ba5 Rdc8 23. Nd4 g6 $11 {1-0 Eljanov,P (2751)-Akopian,V (2694)/
Astrakhan 2010/CBM 137 (64)}) (12. a4 Bb7 (12... b4 13. Ne4 Nxe4 14. Bxe4 Nf6
15. Bd3 c5 16. b3 (16. Bd2 Bb7 17. dxc5 Qxc5 18. Qxc5 Bxc5 19. a5 Rfd8 20. Be1
Nd5 21. Ne5 f6 22. Nc4 {1-0 Roselli Mailhe,B (2399)-Gerzhoy,L (2485)/
Khanty-Mansiysk RUS 2010/The Week in Chess 829 (41)} Rac8 $11) 16... cxd4 17.
Qxc7 Bxc7 18. Nxd4 Bb7 $11 {1-0 Eljanov,P (2716)-Aronian,L (2768)/Jermuk 2009/
CBM 132/[Eljanov] (43)}) 13. e4 e5 14. dxe5 Nxe5 15. Nxe5 Bxe5 16. h3 Rad8 (
16... Rac8 $143 17. Be3 Rfe8 18. Rac1 Qb8 19. b4 a5 $6 20. bxa5 b4 21. Ne2 c5
22. f3 $16 {1/2 Akobian,V (2628)-Nyback,T (2643)/Wijk aan Zee 2010/CBM 135 (47)
}) 17. Be3 Rd7 18. Rd2 Rfd8 19. Rad1 h6 {1/2 Pashikian,A (2647)-Grigoriants,S 
(2560)/Moscow 2010/CBM 135}) 12... c5 13. dxc5 Qxc5 14. a4 (14. Ne4 Qxc2 15.
Bxc2 {1/2 Jussupow,A (2587)-Stellwagen,D (2616)/Amsterdam 2008/CBM 126}) 14...
bxa4 15. Rxa4 Bb7 16. Rc4 $6 (16. Ne4 $11) 16... Qa7 $6 ({Missing} 16... Bxf3
$1 17. Rxc5 (17. gxf3 Qh5) 17... Bxd1 18. Nxd1 Nxc5 {, and 2 rooks should be
stronger than the white queen.}) 17. Ne4 Nxe4 18. Bxe4 Bxe4 19. Qxe4 $14 {
White is now slightly better due to his more active pieces.} Rac8 $6 (19...
Rfc8 $142 20. Qd4 $6 Rxc4) 20. Qd4 $1 {[%mdl 2048] This tactical trick forces
new concessions from Black.} Bc5 (20... Bb8 21. Bb4 Qxd4 22. Rcxd4 Nc5 $14) 21.
Qc3 Rcd8 (21... Rc7 $142 $1 22. Qc2 Rfc8 23. Bc3 f6 $14) 22. Qc2 $1 Rfe8 (22...
Bb6 23. Bb4 Rfe8 24. Bd6 {[%csl Gd6]}) 23. Ng5 g6 24. Ba5 Bb6 25. Bc3 $1 {
[%cal Rg5h7]} e5 26. Ne4 Re6 27. Bb4 $1 Kg7 28. Rc6 $1 {White's subtle
manouvres have brought him a huge positional advantage. Black now decides to
ruin his pawn structure to avoid the total domination of the white pieces.} Nf6
(28... Rxc6 $2 29. Qxc6 {[%cal Rb4e7]}) (28... Rde8 $2 29. Rxe6 Rxe6 30. Qc8
$18) (28... Ree8 29. Rdd6 {[%csl Gc6,Gd6]} Qb7 30. Qc4 Rc8 31. Bc3 $18) 29.
Rxe6 fxe6 30. Nxf6 Kxf6 31. Ra1 (31. Rxd8 $5 Bxd8 32. Qe4 {[%cal Rb4d6,Re4f3]
winning a pawn at once.}) 31... Qb7 32. Bc3 a5 33. Qa4 g5 (33... Qd5 $142 $5
34. h3 g5 {putting up more stubborn resistance.} 35. h4 $140 h6 36. Qg4 Kg6)
34. h4 $1 h6 35. Qg4 Qh7 36. Qh5 Qg6 (36... Rg8 37. Bxa5 $18) 37. Bxe5+ Kf7 38.
Qf3+ Kg8 39. Qc6 {suddenly trapping the bishop!} 1-0

[Event "Nalchik FIDE GP"]
[Site "Nalchik"]
[Date "2009.04.17"]
[Round "3"]
[White "Akopian, Vladimir Eduardovic"]
[Black "Leko, Peter"]
[Result "0-1"]
[WhiteElo "2696"]
[BlackElo "2751"]
[Annotator "Krasenkow,M"]
[PlyCount "122"]
[EventDate "2009.04.15"]
[EventType "tourn"]
[EventRounds "13"]
[EventCountry "RUS"]
[EventCategory "19"]
[SourceTitle "CBM 130"]
[Source "ChessBase"]
[SourceDate "2009.05.20"]
[SourceVersion "1"]
[SourceVersionDate "2009.05.20"]
[SourceQuality "1"]

1. d4 Nf6 2. c4 e6 3. Nf3 d5 4. Nc3 c6 5. e3 Nbd7 6. Bd3 dxc4 7. Bxc4 b5 8. Bd3
Bb7 9. a3 Bd6 10. O-O O-O 11. Qc2 Qe7 12. Ng5 {This move (introduced by the
late GM Alexey Vyzhmanavin in 1992) later became inspiration for GM Vadim
Zviagintsev and other players, who picked up the idea and applied it in
similar positions. White transfers his knight to e4, even sacrificing a pawn
"on the way". Still, in the present game this plan is put under serious doubt.
Of course, he's got a lot of other options:} (12. Bd2) (12. h3) (12. e4) (12.
Ne2) 12... h6 {A quiet but good response.} (12... Bxh2+ {is the principled
reply seen in the stem game and several others:} 13. Kxh2 Ng4+ 14. Kg1 Qxg5 15.
f3 Ngf6 16. e4 Qh4 17. Qf2 Qxf2+ 18. Kxf2 e5 19. Be3 (19. dxe5 Nxe5 20. Be2 a6
21. Be3 Rac8 22. b4 Ned7 23. a4 c5 24. bxc5 b4 25. Rfb1 bxc3 26. Rxb7 Nxc5 27.
Bxc5 Rxc5 28. Bxa6 Rd8 $11 {1/2-1/2 Najer,E-Goloshchapov,A/Tula 1999/EXT 2000 
(38)}) 19... exd4 (19... Rfd8 $5 20. Rad1 exd4 21. Bxd4 Ne8 22. Rd2 Nf8 23. Be3
a5 24. e5 b4 25. Na4 Rxd3 26. Rxd3 Ba6 27. Rdd1 Bxf1 28. Nb6 Rb8 29. Kxf1 bxa3
30. bxa3 Nc7 31. Rd6 Nb5 32. Rxc6 Nxa3 $11 {1/2-1/2 Klausen,T-Copar,A/ICCF
Email 2003/ICCF Telechess CBM 104 (39)}) 20. Bxd4 a6 21. e5 Nh5 (21... c5 $1
22. exf6 cxd4 23. fxg7 Rfc8 24. Ne2 Ne5 $11) 22. Ne4 Nf4 23. Rad1 Ne6 24. Bc3
c5 25. Rh1 g6 26. Nd6 Bc6 27. Be4 Nb8 28. Ke3 $14 {1-0 Vyzmanavin,A-Shirov,A/
Tilburg 1992/CBM 032 (59)}) 13. Nge4 Nxe4 (13... a6 $6 14. Nxd6 Qxd6 15. Ne4
Nxe4 16. Bxe4 f5 17. Bf3 e5 18. Bd2 e4 19. Be2 c5 20. dxc5 Qxc5 21. Rac1 $14 {
1-0 Del Rio Angelis,S-Barcelo Pujadas,P/Calvia 2005/EXT 2006 (43)}) 14. Nxe4 (
14. Bxe4 Nf6 15. Bf3 c5 $1 $132) 14... c5 $1 {The point of Black's idea.} 15.
Nxd6 (15. Bxb5 cxd4 16. exd4 $6 Bxh2+) 15... Qxd6 16. Bxb5 (16. dxc5 Nxc5 17.
Bxb5 Qd5 {[%cal Rd5g2,Rc5b3] and White must play} 18. e4 $1 Nxe4 19. Bc4 $11)
16... cxd4 17. Rd1 Qd5 $1 $146 {Centralization.} (17... e5 18. exd4 exd4 19.
Qf5 Ne5 20. Bf1 Rad8 21. Bf4 Rfe8 22. Re1 f6 23. Bd3 $14 {1/2-1/2 Bareev,
E-Potkin,V/Moscow RUS 2009/The Week in Chess 746 (45)}) (17... Rac8 $5 18. Qe2
Nc5 19. Rxd4 Qb6 20. Bc4 e5 21. Rd1 Qg6 22. f3 e4 23. f4 Nd3 24. b3 Ba6 $44 {
1/2-1/2 Nielsen,P-Hillarp Persson,T/Denmark DEN 2008/The Week in Chess 755 GM
Peter Leko picks up this idea and improves it, setting up serious problemsfor
his opponent.}) 18. Bf1 Rac8 19. Qe2 Nc5 $1 {[%mdl 512]} 20. Rxd4 Qf5 {[%cal
Rc5b3] Suddenly it is difficult for White to consolidate his position, despite
his extra pawn!} 21. Rf4 $6 {A mistake which one might expect. To organise his
defence, White had to display real acrobacy:} (21. Qd1 $142 $1 Be4 $1 {[%cal
Re4c2]} (21... e5 22. Rd2 {[%cal Yb2b3,Yc1b2]} Ne4 $6 23. Bd3 Qg5 24. Bxe4 Bxe4
25. f3 Qxe3+ 26. Rf2 Qd3 27. Bxh6 gxh6 28. fxe4 Qxe4 29. Qd2 $14) 22. Rc4 Rcd8
(22... Bd5 23. Rd4 $1 Nb3 24. e4 Qf6 25. Rxd5 Nxa1 26. e5 $44) 23. Bd2 Nd3 24.
Bxd3 Rxd3 25. Rd4 Rd8 26. Rxd8+ Rxd8 27. f3 {with a probable draw.}) 21... Qe5
22. Bd2 {White hardly has anything else now.} (22. Rb4 $143 Ba6 23. Qd1 Bxf1
24. Qxf1 Rfd8 {with total domination}) 22... Qxb2 23. Rd1 (23. Qe1 Nb3 24. Rd1
Nxd2 25. Qxd2 Qxa3 $17) 23... Ba6 24. Qe1 Bxf1 25. Qxf1 Rfd8 26. Rb4 (26. Rd4
Rxd4 27. exd4 Ne4 $1 (27... Qxd4 $4 28. Be3 {[%cal Yd1c1]}) 28. Bc1 Qc2 $17)
26... Qc2 $1 (26... Qxa3 $143 27. Ra1 Qd3 28. Qxd3 Rxd3 29. Be1 Nb3 30. Rb1 Nd2
31. Rb8 {and it is difficult for Black to convert his extra pawn with N vs B.})
27. Rc4 Qa2 28. Rdc1 {White prefers to give up a pawn rather than yield Black
a huge positional advantage after} (28. Rd4 Rxd4 29. exd4 Ne4 30. Be3 Nc3 31.
Qa6 Rc7 32. Re1 Nd5 $17 {[%csl Ra3,Rd4,Gd5,Re3]}) {However, Peter Leko brings
home his material advantage without problems.} 28... Rxd2 29. Rxc5 Rxc5 30.
Rxc5 Qxa3 31. Rc8+ Kh7 32. Qb1+ f5 33. g3 Rb2 34. Qd1 Qb4 35. h4 a5 36. Qf3 a4
37. Kg2 a3 38. Qa8 Qe4+ 39. Qxe4 fxe4 $19 {[%mdl 4096]} 40. Ra8 a2 41. h5 (41.
g4 g5 42. hxg5 hxg5 43. Kg3 e5 44. f3 Kg6 $19) 41... g5 42. hxg6+ Kxg6 43. g4
e5 44. Kg3 Re2 45. Ra5 Kf6 46. Ra6+ Kf7 47. Ra5 Ke6 48. Kh4 Rxf2 49. Kh5 Rg2 $1
50. Kxh6 Rxg4 {The simplest. Black gets an "extra king" and easily wins.} 51.
Rxa2 Rg3 52. Kh5 (52. Ra3 Kf5 53. Rb3 Rg1 $19 {[%cal Yg1e1,Yf5g4,Yg4f3]} ({or} 
53... Kg4 54. Kg6 Rf3 $1 {[%cal Yg4g3,Yg3f2]})) 52... Kf5 53. Kh4 Rxe3 54. Ra8
Rf3 55. Rf8+ Ke6 56. Re8+ Kd5 57. Rd8+ Kc4 58. Kg4 Rf1 59. Rc8+ Kd3 60. Rd8+
Ke2 61. Ra8 Rg1+ 0-1